| 000 | 00458pab a2200157 454500 | ||
|---|---|---|---|
| 008 | 180718b2003 xxu||||| |||| 00| 0 eng d | ||
| 100 | _aFernandez, T. | ||
| 245 | _aMethodology for landslide susceptibility mapping by means of a GIS, application to the contraviesa area (Granada, Spain) | ||
| 260 | _c2003 | ||
| 300 | _ap.297-308. | ||
| 362 | _aNov | ||
| 650 | _aLandslides - spain | ||
| 650 | _aLandslides | ||
| 773 | _aNatural Hazards | ||
| 909 | _a59381 | ||
| 999 |
_c59381 _d59381 |
||